Tekst "Mieć czy być" Myslovitz - Statystyki

Ogólne statystyki
  • Ten quiz został rozwiązany 33 razy
  • Średni wynik to 10 z 11
Statystyki odpowiedzi
Tekst % Poprawnych
Już {teraz} wiem
100%
To nie przypadek, że jesteśmy {razem}
100%
Wszystko trwa, dopóki sam tego {chcesz}
100%
Wszystko trwa, sam dobrze {wiesz}
100%
i głód {doświadczeń}
97%
nasze życie {przestaje} być
97%
Strach przed {lataniem}
97%
Że {upadamy} wtedy, gdy
93%
Ogromna siła {wyobrażeń}
87%
codziennym {zdumieniem}
73%
{Wstyd} przed mówieniem sobie nie wiem
67%
Nie znaleziono quizów pasujących do podanych kryteriów
Rozkład punktacji
Procent ludzi z każdym wynikiem
Percentyl według liczby udzielonych odpowiedzi
Twoja historia wyników
Nie rozwiązałeś tego quizu